Elementary differential equations / (Record no. 2026)

MARC details
000 -LEADER
fixed length control field 01151nac a22003131i 4500
003 - CONTROL NUMBER IDENTIFIER
control field EG-ScBUE
005 - DATE AND TIME OF LATEST TRANSACTION
control field 20241013111847.0
008 - FIXED-LENGTH DATA ELEMENTS--GENERAL INFORMATION
fixed length control field 241013t2004 njua f b 001 0 eng d
020 ## - INTERNATIONAL STANDARD BOOK NUMBER
International Standard Book Number 013145773X
020 ## - INTERNATIONAL STANDARD BOOK NUMBER
International Standard Book Number 9780131457737
040 ## - CATALOGING SOURCE
Original cataloging agency EG-ScBUE
Language of cataloging eng
Description conventions rda
Transcribing agency EG-ScBUE
Modifying agency EG-ScBUE
082 04 - DEWEY DECIMAL CLASSIFICATION NUMBER
Classification number 515.35
Item number EDW
Edition number 22
100 1# - MAIN ENTRY--PERSONAL NAME
Personal name Edwards, C. Henry‏
Fuller form of name (Charles Henry),‏
Dates associated with a name 1937-‏
Relator term author.
245 10 - TITLE STATEMENT
Title Elementary differential equations /
Statement of responsibility, etc C. Henry Edwards, David E. Penney, The University of Georgia.
250 ## - EDITION STATEMENT
Edition statement Fifth edition.
264 #1 - PUBLICATION, DISTRIBUTION, ETC. (IMPRINT)
Place of publication, distribution, etc Upper Saddle River, NJ :
Name of publisher, distributor, etc Pearson Prentice Hall,
Date of publication, distribution, etc [2004]
264 #4 - PUBLICATION, DISTRIBUTION, ETC. (IMPRINT)
Date of publication, distribution, etc c2004
300 ## - PHYSICAL DESCRIPTION
Extent xi, 613, 6 pages :
Other physical details illustrations ;
Dimensions 27 cm
336 ## - CONTENT TYPE
Source rdacontent
Content type term text
Content type code txt
337 ## - MEDIA TYPE
Media type term unmediated
Source rdamedia
Media type code n
338 ## - CARRIER TYPE
Carrier type term volume
Carrier type code nc
Source rdacarrier
500 ## - GENERAL NOTE
General note Rev. ed. of: Elementary differential equations with boundary value problems. 4th ed.
504 ## - BIBLIOGRAPHY, ETC. NOTE
Bibliography, etc Includes bibliographical references and index.
650 #7 - SUBJECT ADDED ENTRY--TOPICAL TERM
Topical term or geographic name as entry element Differential equations.
Source of heading or term BUEsh
650 #7 - SUBJECT ADDED ENTRY--TOPICAL TERM
Topical term or geographic name as entry element Boundary value problems.
Source of heading or term BUEsh
655 ## - INDEX TERM--GENRE/FORM
Form subdivision Reading book
700 1# - ADDED ENTRY--PERSONAL NAME
Personal name Penney, David E.,
Relator term author.
942 ## - ADDED ENTRY ELEMENTS (KOHA)
Koha item type Book - Borrowing
Source of classification or shelving scheme Dewey Decimal Classification
Holdings
Withdrawn status Lost status Source of classification or shelving scheme Damaged status Not for loan Collection code Home library Current library Shelving location Date acquired Source of acquisition Total Checkouts Total Renewals Full call number Barcode Date last seen Date checked out Cost, replacement price Price effective from Koha item type
    Dewey Decimal Classification     Baccah Central Library Central Library First floor 07/02/2007 Purchase 2 5 515.35 EDW 000002182 15/07/2025 08/04/2024 312.00 07/02/2007 Book - Borrowing